000 00389nam a2200145Ia 4500
008 240624s9999 xx 000 0 und d
041 _aeng
082 _a332.0412 BHA
100 _aBHATTACHARYA HRISHIKES
245 _aWORKING CAPITAL MANAGEMENT STRATEGIES AN
250 _a(3rd ed.)
260 _c2004
_aNew Delhi
_bPrentice-Hall
300 _axvii, : 446 : p. : cm. ; 24
365 _cRS
999 _c27836
_d27836